000 00332nam a2200157Ia 4500
100 _aLander/Cyril W
250 _a2
942 _cBK
654 _aPower Electronics
245 _aPower Electronics
260 _bTata Mc Graw hill
_aNew Delhi
_c1987
082 _a621.3
_bLAN
300 _a415
546 _aENGLISH
999 _c25022
_d25022